000 00525nam a22001697a 4500
005 20251108164103.0
008 250721s1996 xx 000 0 ara d
082 1 4 _a956.62/أحم
100 1 _aأحمد، حسن خفيري
245 1 0 _aقيام الدولة الزيدية في اليمن :
_b280-298هـ 893-911م /
264 1 _aالقاهرة :
_bمكتبة مدبولي،
_c1996.
300 _a240ص
650 1 7 _aتاريخ اليمن
650 1 7 _aالزياديون 1018 -819
942 _2ddc
_cBK
999 _c3279
_d3279